Температурный режим грунтовых вод застроенных территорий юга Ростовской области; Творчество юных - шаг в успешное будущее

Detalles Bibliográficos
Parent link:Творчество юных - шаг в успешное будущее.— 2015.— [С. 302-304]
Autor Principal: Зубков Е. А.
Outros autores: Гарькуша Г. Н.
Summary:Заглавие с титульного экрана
Idioma:ruso
Publicado: 2015
Series:Геоэкология и экология водных систем
Subjects:
Acceso en liña:http://earchive.tpu.ru/handle/11683/15761
Formato: MixedMaterials Electrónico Capítulo de libro
KOHA link:https://koha.lib.tpu.ru/cgi-bin/koha/opac-detail.pl?biblionumber=617495

MARC

LEADER 00000naa2a2200000 4500
001 617495
005 20231101132949.0
035 |a (RuTPU)RU\TPU\conf\15808 
035 |a RU\TPU\conf\15807 
090 |a 617495 
100 |a 20160310d2015 k y0rusy50 ca 
101 0 |a rus 
102 |a RU 
105 |a y z 101zy 
135 |a drcn ---uucaa 
181 0 |a i  
182 0 |a b 
200 1 |a Температурный режим грунтовых вод застроенных территорий юга Ростовской области  |f Е. А. Зубков, Г. Н. Гарькуша 
203 |a Текст  |c электронный 
225 1 |a Геоэкология и экология водных систем 
230 |a 1 компьютерный файл (pdf; 574 Кб) 
300 |a Заглавие с титульного экрана 
320 |a [Библиогр.: с. 303-304 (3 назв.)] 
463 0 |0 (RuTPU)RU\TPU\conf\15338  |t Творчество юных - шаг в успешное будущее  |o материалы VIII Всероссийской научной студенческой конференции с элементами научной школы имени профессора М. К. Коровина, г. Томск, 23-27 ноября 2015 г.  |f Национальный исследовательский Томский политехнический университет (ТПУ) ; под ред. А. Ю. Дмитриева  |v [С. 302-304]  |d 2015 
610 1 |a труды учёных ТПУ 
610 1 |a электронный ресурс 
610 1 |a температурный режим 
610 1 |a грунтовые воды 
610 1 |a застроенные территории 
610 1 |a Ростовская область 
610 1 |a амплитуды колебаний 
700 1 |a Зубков  |b Е. А. 
701 1 |a Гарькуша  |b Г. Н. 
801 2 |a RU  |b 63413507  |c 20180216  |g RCR 
856 4 |u http://earchive.tpu.ru/handle/11683/15761 
942 |c BK